L'Escola Catalana d'Art Dramàtic en la IV exposició escolar : convocada per l'Excma. Diputació de Barcelona i organitzada pel Consell de Pedagogia convocada per l'Excma. Diputació de Barcelona i organitzada pel Consell de Pedagogia
MARC
| LEADER | 00000nam a2200000Ia 4500 | ||
|---|---|---|---|
| 001 | 21455 | ||
| 008 | 160829s1918? xx 000 0 cat d | ||
| 080 | |a RF-12-81 | ||
| 245 | |a L'Escola Catalana d'Art Dramàtic en la IV exposició escolar : |b convocada per l'Excma. Diputació de Barcelona i organitzada pel Consell de Pedagogia | ||
| 260 | |a Barcelona : |b La Neotípia, |c 1918? | ||
| 300 | |a 1 díptic ; |c 22 cm | ||
| 590 | |a Prové de 3274, exp. 1. | ||
| 590 | |a A la part inferior: Invitació personal. | ||
| 590 | |a Exposició celebrada el 21 de juliol a la Universitat Industrial. | ||
| 610 | 2 | 0 | |9 55259 |a Escola Catalana d'Art Dramàtic |
| 650 | |a Escola Catalana d'Art Dramàtic (Barcelona) |x Exposicions |9 47731 | ||
| 710 | 1 | |a Barcelona (Catalunya : Província). |b Consell de Pedagogia |9 54044 | |
| 856 | 4 | |u https://media.diba.cat/diba/fitxers/arxiu/fulletons/bib_21455_1918_baixa.pdf |y Accés lliure | |
| 856 | 4 | |u https://media.diba.cat/diba/fitxers/arxiu/fulletons/bib_21455_1918_baixa.pdf |y Accés lliure | |
| 900 | |a bib_21455_1918_baixa.pdf | ||
| 901 | |a Arxiu | ||
| 942 | |n 1 |2 udc | ||
| 952 | |0 0 |1 0 |4 0 |6 RF1281 |7 1 |9 54064 |a Arxiu |b Arxiu |d 2016-12-01 |l 0 |o RF-12-81 |p 21455 |r 2016-12-01 00:00:00 |w 2016-12-01 |y ARXIU | ||
| 999 | |c 57932 |d 57932 | ||